| 000 | 00815nam a2200229Ii 4500 | ||
|---|---|---|---|
| 003 | JO-AjNU | ||
| 008 | 230605s9999||||xx |||||||||||||| ||und|| | ||
| 017 | _a1996/9/1220 | ||
| 020 | _a978-977-04-667-7 | ||
| 040 |
_aJO-AjNU _bara _erda _cJO-AjNU |
||
| 041 | _aara | ||
| 050 | 1 | 4 | _aJC423.D85.1996 |
| 100 | 3 |
_aالكباريتي ،عبدالكريم وآخرون /ابورمان ، حسين ،تحرير, _eauthor _916836 |
|
| 245 | 0 | 0 | _aالديمقراطية وسيادة القانون |
| 250 | _a(د،ط) | ||
| 264 | 3 | 1 | _aعمان : مركز الاردن الجديد للدراسات ،1996 |
| 300 | _a235ص | ||
| 336 |
_atext _btxt _2rdacontent |
||
| 337 |
_aunmediated _bn _2rdamedia |
||
| 338 |
_avolume _bnc _2rdacarrier |
||
| 650 | 4 |
_aالعلوم الاجتماعية -- الديمقراطية _916837 |
|
| 999 |
_aA5078 _c8646 _d8646 |
||